000 00569cam a2200181 4500
001 X122402
008 030523n2003 000 0 eng u
035 _a(Sirsi) u122402
100 _aChamba, G.
245 _aPlanning ahead prevents making heart-stopping decisions
260 _c2003
490 _aRICS West Midlands News
_v29 April 2003 (1)
520 _aProvides advice and guidance to chartered surveyors on the recruitment and interview process.
650 _aINTERVIEWS
650 _aRECRUITMENT
690 _aMANAGEMENT-BUSINESS MANAGEMENT
942 _n0
999 _c72756
_d72756